Textbook of Advanced Nursing Practice (Record no. 157861)

MARC details
000 -LEADER
fixed length control field 00408nam a2200145Ia 4500
008 - FIXED-LENGTH DATA ELEMENTS--GENERAL INFORMATION
fixed length control field 230411s9999 xx 000 0 und d
020 ## - INTERNATIONAL STANDARD BOOK NUMBER
International Standard Book Number 978-93-5152-201-0
041 ## - LANGUAGE CODE
Language code of text/sound track or separate title eng
082 ## - DEWEY DECIMAL CLASSIFICATION NUMBER
Classification number F/610.730 1/BRA/B07776
100 ## - MAIN ENTRY--PERSONAL NAME
Personal name Brar Navdeep & Rawat H C
9 (RLIN) 179763
245 ## - TITLE STATEMENT
Title Textbook of Advanced Nursing Practice
260 ## - PUBLICATION, DISTRIBUTION, ETC. (IMPRINT)
Name of publisher, distributor, etc. Jaypee Brothers
Place of publication, distribution, etc. New Delhi
Date of publication, distribution, etc. 2015
300 ## - PHYSICAL DESCRIPTION
Extent 1108p
Holdings
Withdrawn status Lost status Damaged status Not for loan Collection code Home library Current library Date acquired Vendor Cost, normal purchase price Bill number Total Checkouts Total Renewals Full call number Barcode Date last seen Date last checked out Cost, replacement price Bill Date Koha item type Original Barcode
          Smt. Bakul Tambat Institute of Nursing Education Smt. Bakul Tambat Institute of Nursing Education 25/11/2014 Jaypee Brothers Medical Publishers 895.00 84 5 2 F 610.730 1 BRA B07776 BTIN-BK-7776 23/06/2025 18/06/2025 653.00 12/08/2015 Books B07776
          Smt. Bakul Tambat Institute of Nursing Education Smt. Bakul Tambat Institute of Nursing Education 04/09/2015 B.J.Medical Co-oprative College Stores 895.00 84 6   F 610.730 1 BRA B07997 BTIN-BK-7997 05/02/2025 22/01/2025 671.25 12/08/2015 Books B07997
          Smt. Bakul Tambat Institute of Nursing Education Smt. Bakul Tambat Institute of Nursing Education 04/09/2015 B.J.Medical Co-oprative College Stores 895.00 84 7 2 F 610.730 1 BRA B07998 BTIN-BK-7998 02/04/2025 06/02/2025 671.25 12/08/2015 Books B07998
          Smt. Bakul Tambat Institute of Nursing Education Smt. Bakul Tambat Institute of Nursing Education 04/09/2015 B.J.Medical Co-oprative College Stores 895.00 84 12 5 F 610.730 1 BRA B07999 BTIN-BK-7999 12/01/2026 09/01/2026 671.25 12/08/2015 Books B07999